Friedman Memorial Airport Destinations (Sun Valley, ID, USA) - Statistics

General Stats
  • This quiz has been taken 33 times
    16 since last reset
  • The average score is 8 of 9
Answer Stats
Airline Destination % Correct
United Express Denver
93%
United Express San Francisco
93%
Alaska Airlines/Delta Connection Seattle/Tacoma
93%
Delta Connection/United Express Los Angeles
86%
Aero Los Angeles (Van Nuys)
86%
Delta Connection Salt Lake City
86%
Alaska Airlines San Diego
86%
American Eagle/United Express Chicago (O'Hare)
79%
American Eagle Phoenix (Sky Harbor)
64%
No matching quizzes found
Score Distribution
Percent of People with Each Score
Percentile by Number Answered
Your Score History
You have not taken this quiz since the last reset